| 000 | 00378nam a22001457a 4500 | ||
|---|---|---|---|
| 020 | _a9780070568990 | ||
| 040 | _cNust | ||
| 082 |
_a621.815 _bSHI |
||
| 100 |
_aJospeh E. Shigley _9127592 |
||
| 245 | _aMechanical Engineering Design | ||
| 250 | _a5th edition | ||
| 260 |
_aNew York: _bMcGraw Hill, _c1989. |
||
| 650 |
_aMechanical Engineering Design _969584 |
||
| 942 |
_2ddc _cBK |
||
| 999 |
_c612673 _d612673 |
||